=LDR 00000nam 2200000 4500 =001 INLIS000000000031263 =005 20130612133338 =008 ***********************************ind** =035 ##$$0010-061300000031263 =041 ##$$a ind =082 ##$$a 646.72 =090 ##$$a 646.72, Tra b =100 ##$$a Tranggono,Retno Iswari =245 ##$$a Buku pegangan ilmu pengetahuan kosmetik, Retno Iswari Tranggono,Fatuna Latifah; editor, Joshita Djajadisastra =260 ##$$a 2007 $b Jakarta =300 ##$$a ix,210 hlm, 24 cm =650 ##$$a KOSMETIK =700 ##$$a Djajadisastra,Joshiota =850 ##$$a NBPNMAT =990 ##$$a 03590359 =990 ##$$a 1202000359